| 000 | 01476pam a2200409 a 4500 | ||
|---|---|---|---|
| 001 | 2126654 | ||
| 003 | OSt | ||
| 005 | 20140310184332.0 | ||
| 008 | 971027s1998 nyu c b 000 1 eng | ||
| 010 | _a 97039169 | ||
| 020 | _a0439283124 | ||
| 040 |
_aDLC _cDLC _dDLC |
||
| 042 | _alcac | ||
| 043 | _an-us--- | ||
| 050 | 0 | 0 |
_aPZ 7 _b.R553 2001 |
| 100 | 1 |
_aRobinet, Harriette. _923908 |
|
| 245 | 1 | 0 |
_aForty acres and maybe a mule / _cHarriette Gillem Robinet. |
| 250 | _a1st ed. | ||
| 260 |
_aNew York : _bscholastic, _c2001. |
||
| 300 |
_a132 p. : _c22 cm. |
||
| 521 | _aG4 | ||
| 526 | _c610 | ||
| 650 | 0 |
_aAfrican Americans _vJuvenile fiction. _923909 |
|
| 650 | 0 |
_aReconstruction (U.S. history, 1865-1877) _vJuvenile fiction. _923910 |
|
| 650 | 1 |
_aAfrican Americans _vFiction. _923911 |
|
| 650 | 1 |
_aReconstruction (U.S. history, 1865-1877) _vFiction. _923912 |
|
| 650 | 1 |
_aSlavery _vFiction. _923913 |
|
| 650 | 1 |
_aPeople with disabilities _vFiction. _923914 |
|
| 651 | 0 |
_aUnited States _xHistory _y1865-1898 _vJuvenile fiction. _923915 |
|
| 651 | 1 |
_aUnited States _xHistory _y1865-1898 _vFiction. _923916 |
|
| 856 | 4 | 2 |
_3Publisher description _uhttp://www.loc.gov/catdir/description/simon031/97039169.html |
| 906 |
_a7 _bcbc _corignew _d1 _eocip _f19 _gy-gencatlg |
||
| 942 |
_2lcc _cBK-SCHOLAS |
||
| 999 |
_c33681 _d33681 |
||